Jugadores holandeses del FC Barcelona - Estadísticas

Estadísticas generales
  • Esta prueba ha sido intentada 455 veces
    440 desde el último reinicio
  • La puntuación promedio es 10 de 22
Estadísticas de respuestas
Temporadas Jugador % Correcto
2019-? Frenkie de Jong
98%
2021-22 Luuk de Jong
98%
1973-78 Johan Cruyff
88%
1994-96 Jordi Cruyff
86%
2021-23 Memphis Depay
74%
1989-95 Ronald Koeman
69%
1998-2004 Patrick Kluivert
50%
2016-19 Jasper Cillessen
48%
1998-2003 Frank de Boer
46%
1998-2000 Ronald de Boer
46%
2004 Edgar Davids
41%
2000-04 Marc Overmars
40%
2005-06 Mark van Bommel
35%
2011-14 Ibrahim Afellay
34%
2003-07 Giovanni van Bronckhorst
30%
1998-2004 Phillip Cocu
29%
1974-79 Johan Neeskens
27%
1997-2004 Michael Reiziger
23%
1997-2000 Winston Bogarde
23%
1998-2001 Boudewijn Zenden
19%
1997-2000 Ruud Hesp
18%
1991-93 Richard Witschge
8%
No se encontraron pruebas coincidentes
Distribución de puntuación
Porcentaje de gente con cada puntuación
Porcentaje por número respondido
Historial de tus puntuaciones
No has intentado esta prueba desde el último reinicio